| 000 -LEADER |
| fixed length control field |
00876nam a22002057a 4500 |
| 005 - DATE AND TIME OF LATEST TRANSACTION |
| control field |
20251210091620.0 |
| 008 - FIXED-LENGTH DATA ELEMENTS--GENERAL INFORMATION |
| fixed length control field |
251210b ||||| |||| 00| 0 eng d |
| 020 ## - INTERNATIONAL STANDARD BOOK NUMBER |
| International Standard Book Number |
9780670015740 |
| 040 ## - CATALOGING SOURCE |
| Transcribing agency |
KH8 |
| 082 ## - DEWEY DECIMAL CLASSIFICATION NUMBER |
| Classification number |
338.4 NEW |
| 100 ## - MAIN ENTRY--PERSONAL NAME |
| Personal name |
Newquist,HP |
| Relator term |
AUTHOR |
| 245 ## - TITLE STATEMENT |
| Title |
THE BOOK OF CHOCOLATE |
| 260 ## - PUBLICATION, DISTRIBUTION, ETC. |
| Place of publication, distribution, etc. |
375 Hudson Street,New York,New York 10014 |
| Name of publisher, distributor, etc. |
Viking,an imprint of Penguin Random House LLC |
| Date of publication, distribution, etc. |
2017 |
| 300 ## - PHYSICAL DESCRIPTION |
| Extent |
155 pages |
| Other physical details |
picture illustration |
| Dimensions |
20 cm x 26 cm |
| 521 ## - TARGET AUDIENCE NOTE |
| Target audience note |
The entire town of Hershey, Pennsylvania was built by Milton Hershey to support his chocolate factory. Its streetlights are shaped like chocolate Kisses. The first men to climb to the top of Mount Everest buried a chocolate bar there as an offering to the gods of the mountain. |
| 650 ## - SUBJECT ADDED ENTRY--TOPICAL TERM |
| Topical term or geographic name entry element |
Chocolate |
| 650 ## - SUBJECT ADDED ENTRY--TOPICAL TERM |
| Topical term or geographic name entry element |
Chocolate History |
| 655 ## - INDEX TERM--GENRE/FORM |
| Genre/form data or focus term |
Juvenile Literature |
| 942 ## - ADDED ENTRY ELEMENTS (KOHA) |
| Source of classification or shelving scheme |
|
| Koha item type |
Books - Non Ficton |